000 01077nam a22003137a 4500
999 _c523
_d523
001 002437
003 CoMeUDC002437
005 20181218205055.0
008 050607s2004 pe b 000 0 spa
010 _a 2005422911
020 _a997242670X
040 _aDLC
_cCoMeUDC
_dDLC
042 _apcc
043 _as-pe---
050 0 0 _aK487.E3
_bC37 2004
082 _a346
_bC352a
100 1 _aCastillo Freyre, Mario,
_d1964-
245 1 0 _aAnalizando el análisis :
_bautopsia del análisis económico del derecho por el derecho civil /
_cMario Castillo Freyre, Ricardo Vásquez Kunze.
250 _a1a ed.
260 _aLima :
_bPontificia Universidad Católica del Perú, Fondo Editorial,
_c2004.
300 _a189 p. ;
_c21 cm.
504 _aIncludes bibliographical references (p. [177]-190).
650 0 _aLey
_xAspectos económico
_9903
651 0 _aPerú
_xPolítica económica
_9904
700 1 _aVásquez Kunze, Ricardo,
_d1965-
906 _a7
_bcbc
_corignew
_d2
_encip
_f20
_gy-gencatlg
942 _2ddc
_cBK